| 000 | 00898cab a22002295a 4500 | ||
|---|---|---|---|
| 001 | L159685 | ||
| 008 | 171211e2017 xxk 000 0 eng d | ||
| 035 | _a(Sirsi) u159685 | ||
| 041 | 0 | _aeng | |
| 100 | 1 | _aBarker, Nathaniel | |
| 245 | 0 | 0 | _aRTB sublets above 40% |
| 260 | _c2017 | ||
| 490 |
_aInside Housing _v8 December 2017, 1-2, 12-13(4) |
||
| 520 | _aReveals that the number of former council homes sold to their tenants under the Right to Buy Scheme which are being privately let in England has reached 40%, a 7% increase on the 2015 figures. Lists the top 8 local authorities with the highest level of subletting with Milton Keynes, Bolsover and Brighton and Hove appearing in the top three. | ||
| 590 | _aKA | ||
| 650 | 2 | 4 | _aRIGHT TO BUY |
| 650 | 2 | 4 | _aSUBLETTING |
| 650 | 2 | 4 | _aPRIVATE RENTED SECTOR |
| 651 | 4 | _aEngland | |
| 690 |
_aResidential property _96266 |
||
| 942 |
_n0 _2ddc |
||
| 999 |
_c84910 _d84910 |
||